Statistiques concernant Culture Générale - Série 1655

Cliquez ici pour prendre le quiz!

Statistiques générales

  • Ce quiz a été pris 77 fois
  • Le résultat moyen est 6 sur 10

Statistiques - réponses

QuestionRéponse% Correct
De quel mot "ouf" est-il le verlan ?fou
100%
Quel homme politique, dont les partisans sont appelés péronistes, présida l'Argentine entre 1946 et 1955 ?Juan Perón
79%
Qui est l'auteur du traité philosophique “Du contrat social”, en 1762 ?Jean-Jacques Rousseau
74%
En 1974, quel artiste français chante “J'ai dix ans” ?Alain Souchon
71%
Quel prix Nobel José Saramago a-t-il obtenu en 1998 ?littérature
69%
Quel professionnel de la restauration est appelé péjorativement "loufiat" en argot ?serveur
69%
Quelle fameuse défaite de l'empire napoléonien de 1805 associe-t-on à un "coup", pour désigner un accident désastreux ?Trafalgar
60%
Dans quelle série télévisée Mouss Diouf a-t-il incarné l'inspecteur N'Guma aux côtés de Véronique Genest ?Julie Lescaut
54%
Quel mot désigne couramment l'ensemble des bestiaux d'une ferme quand il est "vif", et l'ensemble du matériel agricole d'une exploitation quand il est "mort" ?cheptel
37%
Quel chanteur obtient le Grand Prix du disque en 1953, avec la chanson “Comme un p'tit coquelicot” ?Marcel Mouloudji
22%

Distribution des résultats

Percentile par nombre de réponses

% des personnes avec chaque résultat

Votre développement - résultats

Vous n’avez pas pris ce quiz